Transport Corridors in Africa.

In-depth examination of the inherent tensions and dynamics of transport corridors in Africa: between short-term optics and long-term durability; between regional integration and national interest; between the facilitation of trade and the generation of corridor revenue.

Bibliographic Details
Main Author: Lamarque, Hugh.
Other Authors: Nugent, Paul., Cissokho, Sidy., Soi, Isabella., Magrinyà, Francesc., Josa, Sergio Oliete., Byiers, Bruce., Woolfrey, Sean., Lombard, Jérôme., Sylvanus, Nina.
Format: eBook
Language:English
Published: Woodbridge : Boydell & Brewer, Limited, 2022.
Edition:1st ed.
Subjects:
Online Access:Click to View
LEADER 02772nam a22004813i 4500
001 EBC7042185
003 MiAaPQ
005 20231204023226.0
006 m o d |
007 cr cnu||||||||
008 231204s2022 xx o ||||0 eng d
020 |a 9781800104778  |q (electronic bk.) 
035 |a (MiAaPQ)EBC7042185 
035 |a (Au-PeEL)EBL7042185 
035 |a (OCoLC)1336406301 
040 |a MiAaPQ  |b eng  |e rda  |e pn  |c MiAaPQ  |d MiAaPQ 
082 0 |a 388.096 
100 1 |a Lamarque, Hugh. 
245 1 0 |a Transport Corridors in Africa. 
250 |a 1st ed. 
264 1 |a Woodbridge :  |b Boydell & Brewer, Limited,  |c 2022. 
264 4 |c ©2022. 
300 |a 1 online resource (338 pages) 
336 |a text  |b txt  |2 rdacontent 
337 |a computer  |b c  |2 rdamedia 
338 |a online resource  |b cr  |2 rdacarrier 
505 0 |a Front Cover -- Table of Contents -- List of Illustrations -- Notes on Contributors -- Preface and Acknowledgements -- 1. Introduction - Transport Corridors in Africa -- 2. Infrastructure, Development and Neoliberalism in Africa -- 3. The Temporal Layers of Transport Corridors in Uganda -- 4. African and European Transport Networks in Perspective -- 5. The Political Economy of West African Integration -- 6. The Dakar-Bamako Corridor -- 7. Privatising the Port: Harbouring Neoliberalism in Lomé -- 8. Retrofit in the Golden Era of the Cameroonian Railways -- 9. Thwarted Ambitions Along the Abidjan-Lagos Corridor -- 10. Construction, Circulation and Competition -- 11. Chinese Development Finance and the Addis-Djibouti Railway -- 12. African Infrastructure and Chinese Companies -- Index. 
520 |a In-depth examination of the inherent tensions and dynamics of transport corridors in Africa: between short-term optics and long-term durability; between regional integration and national interest; between the facilitation of trade and the generation of corridor revenue. 
588 |a Description based on publisher supplied metadata and other sources. 
590 |a Electronic reproduction. Ann Arbor, Michigan : ProQuest Ebook Central, 2023. Available via World Wide Web. Access may be limited to ProQuest Ebook Central affiliated libraries.  
655 4 |a Electronic books. 
700 1 |a Nugent, Paul. 
700 1 |a Cissokho, Sidy. 
700 1 |a Soi, Isabella. 
700 1 |a Magrinyà, Francesc. 
700 1 |a Josa, Sergio Oliete. 
700 1 |a Byiers, Bruce. 
700 1 |a Woolfrey, Sean. 
700 1 |a Lombard, Jérôme. 
700 1 |a Sylvanus, Nina. 
776 0 8 |i Print version:  |a Lamarque, Hugh  |t Transport Corridors in Africa  |d Woodbridge : Boydell & Brewer, Limited,c2022 
797 2 |a ProQuest (Firm) 
856 4 0 |u https://ebookcentral.proquest.com/lib/matrademy/detail.action?docID=7042185  |z Click to View